[Event "GRE-ch U16"]
[Site "Peristeri"]
[Date "2023.07.07"]
[Round "7"]
[White "Poupalos, Nikolaos"]
[Black "Bantekas, Achilleas"]
[Result "1-0"]
[WhiteElo "2030"]
[BlackElo "1632"]
[PlyCount "83"]
[EventDate "2023.07.03"]
[EventType "swiss"]
[EventRounds "9"]
[EventCountry "GRE"]
[SourceTitle "EXT 2024"]
[Source "ChessBase"]
[SourceDate "2023.10.10"]
[SourceVersion "1"]
[SourceVersionDate "2023.10.10"]
[SourceQuality "1"]

1. e4 c5 2. Nf3 e6 3. d4 cxd4 4. Nxd4 a6 5. c4 Nf6 6. Nc3 Qc7 7. Be2 Bb4 8. Nc2 Bd6 9. Be3 Nc6 10. Qd2 0-0 11. f4 e5 12. f5 Nb4 13. g4 b6 14. g5 Ne8 15. a3 Nxc2+ 16. Qxc2 Bb7 17. b4 Rc8 18. 0-0 Qb8 19. Qd3 Bc6 20. Nd5 b5 21. c5 Bxd5 22. Qxd5 Be7 23. Qxd7 Rc7 24. Qd3 Qb7 25. Rad1 Rc8 26. Qd7 Qxe4 27. Qd3 Qh4 28. f6 gxf6 29. gxf6 Bxf6 30. Qf5 Rc6 31. Kh1 Ng7 32. Qg4 Qxg4 33. Bxg4 Be7 34. Bd7 Rg6 35. c6 Bd8 36. Bc5 Bc7 37. Bxf8 Kxf8 38. Bh3 f6 39. Rd7 Ne8 40. Be6 Rg7 41. Rfd1 Bd6 42. R7xd6 1-0

[Event "GRE-ch U20"]
[Site "Trikala"]
[Date "2023.04.24"]
[Round "9"]
[White "Mihailidou, Magdalini"]
[Black "Bantekas, Achilleas"]
[Result "0-1"]
[WhiteElo "1852"]
[BlackElo "1635"]
[PlyCount "96"]
[EventDate "2023.04.18"]
[EventType "swiss"]
[EventRounds "9"]
[EventCountry "GRE"]
[SourceTitle "EXT 2024"]
[Source "ChessBase"]
[SourceDate "2023.10.10"]
[SourceVersion "1"]
[SourceVersionDate "2023.10.10"]
[SourceQuality "1"]

1. e4 c5 2. Nf3 e6 3. d4 cxd4 4. Nxd4 Nc6 5. Nc3 Qc7 6. f4 a6 7. Nxc6 Qxc6 8. Bd3 b5 9. Qe2 Bb7 10. Bd2 Rc8 11. 0-0 Nf6 12. a3 h5 13. e5 Nd5 14. Ne4 f5 15. exf6 gxf6 16. Rae1 Be7 17. Kh1 f5 18. Nc3 h4 19. Bxf5 Nxc3 20. Bg6+ Kf8 21. Bxc3 h3 22. Be4 Qxe4 23. Qxe4 hxg2+ 24. Qxg2 Bxg2+ 25. Kxg2 Rg8+ 26. Kf3 Bxa3 27. Ra1 Be7 28. Rxa6 b4 29. Be5 Rxc2 30. Ra8+ Kf7 31. Rxg8 Kxg8 32. Kg3 d6 33. Bd4 Rd2 34. Bf2 Rxb2 35. h4 Bf6 36. Kg4 b3 37. f5 Rc2 38. fxe6 b2 39. Be3 d5 40. Kf5 Bxh4 41. Bg5 Rf2+ 42. Rxf2 b1Q+ 43. Kf6 Bxf2 44. e7 Qb8 45. Ke6 Qc8+ 46. Kxd5 Kf7 47. Kd6 Qe6+ 48. Kc7 Bc5 0-1

[Event "EU-ch Amateur Online 1400/1700"]
[Site "Tornelo INT"]
[Date "2021.04.17"]
[Round "4"]
[White "Bantekas, Achilleas"]
[Black "Zander, Emil"]
[Result "0-1"]
[WhiteElo "1240"]
[BlackElo "1585"]
[PlyCount "92"]
[EventDate "2021.04.17"]
[EventType "swiss (rapid)"]
[EventRounds "8"]
[EventCountry "NET"]
[SourceTitle "EXT 2023"]
[Source "ChessBase"]
[SourceDate "2022.10.05"]
[SourceVersion "1"]
[SourceVersionDate "2022.10.05"]
[SourceQuality "1"]

1. e4 e5 2. Nf3 Nc6 3. Bc4 Bc5 4. c3 Nf6 5. d3 d6 6. Nbd2 a6 7. a4 h6 8. h3 Ne7 9. 0-0 Ng6 10. Re1 Nh5 11. d4 exd4 12. cxd4 Ba7 13. e5 0-0 14. Qc2 d5 15. Bb3 Nhf4 16. Nf1 c6 17. Bd2 Bd7 18. Ng3 Rc8 19. Bxf4 Nxf4 20. Qd2 Ng6 21. Rac1 Be6 22. Rc2 c5 23. dxc5 Bxc5 24. Rec1 b6 25. Ba2 Nh4 26. Nxh4 Qxh4 27. Qd3 Rfd8 28. Nf5 Bxf2+ 29. Kh1 Rxc2 30. Rxc2 Bxf5 31. Qxf5 Be3 32. Re2 Qd4 33. Qf3 Bf4 34. Rf2 Bxe5 35. Qxf7+ Kh8 36. Bb1 Bd6 37. Qf5 g6 38. Qf7 Rf8 39. Qxf8+ Bxf8 40. Rxf8+ Kg7 41. Rf1 Qxb2 42. Bd3 Qd2 43. Bxa6 d4 44. Bb5 d3 45. Rf3 Qe1+ 46. Kh2 d2 0-1